Totally Spies Theme Song - Statistics

General Stats
  • This quiz has been taken 16 times
    15 since last reset
  • The average score is 42 of 66
Answer Stats
Answer % Correct
a
83%
go
83%
go
83%
go
83%
go
83%
go
83%
go
83%
go
83%
go
83%
go
83%
go
83%
go
83%
Here
83%
here
83%
here
83%
here
83%
here
83%
here
83%
here
83%
here
83%
here
83%
we
83%
we
83%
we
83%
we
83%
we
83%
we
83%
we
83%
we
83%
we
83%
we
83%
mission
67%
on
67%
on
67%
on
67%
spies
67%
the
67%
the
67%
totally
67%
so
58%
so
58%
1
50%
2
50%
3
50%
get
50%
now
50%
and
42%
and
42%
baby
42%
in
42%
show
42%
stop
42%
undercover
42%
control
33%
road
33%
shop
33%
then
33%
well
33%
well
33%
were
33%
were
33%
were
33%
with
33%
till
25%
going
17%
out
17%
No matching quizzes found
Score Distribution
Percent of People with Each Score
Percentile by Number Answered
Your Score History
You have not taken this quiz since the last reset